000 00693nam a2200205 a 4500
005 20240522063644.0
008 060510s2004 mx r 000 0 spa d
020 _a9684764693
035 _aUPN01000144393
049 _aCG
050 4 _aHQ789
_bD4.7
245 0 0 _aDerecho de los niños :
_buna contribución teórica /
_ccomp. Isabel Fanlo.
260 _aMéxico :
_bFontamara,
_c2004.
300 _a214 p.
440 0 _aDoctrina jurídica contemporánea ;
_v90.
_pBiblioteca de ética, filosofía del derecho y política
650 0 _aNiños
_xSituación legal, leyes, etc.
_zMéxico
_95234
650 4 _aDerechos de los niños
_94862
700 1 _aFanlo, Isabel,
_ecomp.
905 _aLibro
999 _c116540
_d116540